000 00722nam a22002297a 4500
003 OSt
005 20260306053630.0
008 260306b |||||||| |||| 00| 0 eng d
020 _a978-621-406-391-8
040 _aDWCL-Main lib
_cOC
082 _aFil. 658.8 P277m 2025
100 _aPasahol, Jhon Ven Saint L.
245 _aMastering the art of professional salesmanship
_cJhon Ven Saint L. Pasahol
260 _aManila, Philippines:
_bMindshapers,
_cc2025.
300 _ax, 420 pages;
_c25 cm.
504 _aIncludes bibliographical references.
650 _a1. Selling.
650 _a2. Sales management.
650 _a3. Marketing.
700 _aHoneylette D. Villanueva
942 _2ddc
_cBK - FIL
_kFil.
_n0
999 _c8699
_d8699